000 00543cam a2200145 4500500
005 20260208001104.0
041 _afre
042 _adc
100 1 0 _aLamine, Claire
_eauthor
245 0 0 _aProduits fermiers : entre qualification et identité, Pierre Stassart, PIE-Peter Lang, 2003, 432 p.
260 _c2005.
500 _a14
786 0 _nNatures Sciences Sociétés | 13 | 4 | 2005-12-01 | p. 461k-478k | 1240-1307
856 4 1 _uhttps://stm.cairn.info/revue-natures-sciences-societes-2005-4-page-461k?lang=fr&redirect-ssocas=7080
999 _c1644345
_d1644345